000 00701nam a2200181Ia 4500
008 151202s9999||||xx |||||||||||||| ||und||
082 _bPNVM-67639
100 _aऔरंगाबादकर अनुरााा.
245 _aकल्पवृक्ष कन्येसाठी.
260 _b"सुयोग प्रकाशन,पुणे."
260 _c67639
300 _a182
600 _aऔरंगाबादकर अनुरााा.
630 _aकल्पवृक्ष कन्येसाठी.
700 _aऔरंगाबादकर अनुरााा.
730 _aकल्पवृक्ष कन्येसाठी.
942 _cBOOK
999 _c1334168
_d1334165